UM Logo

Chemistry/ (Record no. 9840)

MARC details
000 -LEADER
fixed length control field 00567nam a22001817a 4500
008 - FIXED-LENGTH DATA ELEMENTS--GENERAL INFORMATION
fixed length control field 180718b ||||| |||| 00| 0 eng d
020 ## - INTERNATIONAL STANDARD BOOK NUMBER
International Standard Book Number 0-07-251264-4
082 ## - DEWEY DECIMAL CLASSIFICATION NUMBER
Edition number 2005
Classification number DC 540
Item number C36c
100 ## - MAIN ENTRY--PERSONAL NAME
9 (RLIN) 29109
Personal name Chang, Raymond
245 ## - TITLE STATEMENT
Title Chemistry/
Statement of responsibility, etc. Raymond Chang with Brandon Cruickshank.
250 ## - EDITION STATEMENT
Edition statement Eight Edition
260 ## - PUBLICATION, DISTRIBUTION, ETC. (IMPRINT)
Place of publication, distribution, etc. Boston:
Name of publisher, distributor, etc. McGraw-Hill,
Date of publication, distribution, etc. ©2005.
300 ## - PHYSICAL DESCRIPTION
Extent xxxii, 1039 pages:
Other physical details color illustrations;
Dimensions 27 cm.
500 ## - GENERAL NOTE
General note Includes glossary and index.
650 #0 - SUBJECT ADDED ENTRY--TOPICAL TERM
9 (RLIN) 29110
Topical term or geographic name as entry element Chemistry
700 ## - ADDED ENTRY--PERSONAL NAME
9 (RLIN) 29111
Personal name Cruickshank, Brandon
942 ## - ADDED ENTRY ELEMENTS (KOHA)
Source of classification or shelving scheme Dewey Decimal Classification
Koha item type Circulation
Holdings
Withdrawn status Lost status Source of classification or shelving scheme Damaged status Not for loan Collection code Home library Current library Shelving location Date acquired Source of acquisition Total Checkouts Full call number Barcode Date last seen Date last checked out Copy number Price effective from Koha item type
    Dewey Decimal Classification     Circulation UM Digos College - LIC UM Digos College - LIC Book Cart 03/25/2009 PLMP 1 DC 540 C36c 2005 20301 05/15/2025 09/21/2019 1 07/18/2018 Circulation